Nr. 1 Hits in den USA 1993 - Statistiken

Allgemein
  • Dieses Quiz wurde 24 mal gespielt
  • Das Durchschnittsergebnis liegt bei 5 aus 11
Antwortstatistiken
Wochen auf Platz 1 Lied Interpret % Korrekt
14 Wochen I Will Always Love You Whitney Houston
100%
5 Wochen I’d Do Anything for Love(But I Won’t Do That) Meat Loaf
75%
8 Wochen That’s the Way Love Goes Janet Jackson
60%
2 Wochen Again Janet Jackson
60%
7 Wochen Informer Snow
55%
8 Wochen Dreamlover Mariah Carey
50%
4 Wochen Hero Mariah Carey
50%
7 Wochen Can’t Help Falling in Love UB40
30%
1 Woche A Whole New World(Aladdin’s Theme) Peabo Bryson & Regina Belle
10%
2 Wochen Freak Me Silk
5%
2 Wochen Weak SWV
5%
Keine übereinstimmenden Quizze gefunden
Verteilung der Resultate
Anzahl Personen mit jedem Resultat
Perzentil nach korrekt beantworteten Fragen
Ihre Resultats-Entwicklung
Sie haben dieses Quiz noch nicht gespielt